LEADER 01439nam a2200265 4500 001 000000359358 003 CaOOAMICUS 005 20240813134936.0 008 240813s1663 fr 000 u lat r 026 $ee-o- r.n- naim IIda (3) 1663 (R) 040 $aSeMil$bita 245 10$aTomus 2. 264 1$aParisijs :$bApud Franciscum Muguet, typographum regium, via Citharae, ad insigne Aorationis trium Regum,$c1663. 300 $a399, [1] p. ;$cfol. 500 $aStemma xilogr. sul front. 500 $aSegn.: A-3B? 3C-3F² 500 $aCors. ; rom. ; gr. 500 $aLegato insieme al vol. 1 773 0 $aMarca, Pierre : de $tIllustrissimi viri Petri de Marca archiepiscopi Parisiensis Dissertationum de concordia sacerdotii et imperii, seu de libertatibus Ecclesiae Gallicanae libri octo: quorum quatuor vltimi nunc primùm eduntur operâ & studio Stephani Baluzij Tutelensis.$dParisijs : Apud Franciscum Muguet, typographum regium, via Citharae, ad insigne Aorationis trium Regum, 1663.$g2$w()359356 850 $aSeMil 852 $aSeMil$W1$xVenegono$y1$m3H VIII 4 FA$j250272$B250433$CSeMilBibl$Z2$F250433 $8I 961 $aLegato insieme al vol. 1 996 $6245$aTomus 2$9(OLS)http://semarc/title/93022 996 $6264$aParisijs :$bApud Franciscum Muguet, typographum regium, via Citharae, ad insigne Aorationis trium Regum$9(OLS)http://semarc/publisher/61897 LEADER 01005nam a2200217 i 4500 001 000000090004 003 CaOOAMICUS 005 20140529000000.0 008 140529s1792 it u000 u ita u 013 $a62246 026 $ae.sa inoc m-i- gibo (3) 1792 (R) 040 $aSeMil$bita 245 10$aTomo 1. 300 $aVIII, 384 p. 500 $aSegn. : a4 A-2A8. 773 0 $aRollin, Charles <1661-1741>$tDella maniera d'insegnare, e di studiare le belle lettere, per rapporto all'intelletto ed al cuore. Opera di M. Rollin ... Traduzione dal francese di Selvaggio Canturani. Tomo 1. [-4.].$dIn Venezia : Presso Giuseppe Orlandelli : per la dita del fu Francesco di Niccolò Pezzana, 1792.$bEdizione riveduta sull'ultima edizione di Parigi, accresciuta d'un supplemento.$g1$w()30006 850 $aSeMil 852 $aSeMil$W1$xVenegono$y1$m1Q III 5 FA$j53042$B53042$CSeMilBibl$Z2$F57605 $8I 941 1 $a10 961 $aRecupero: Mantegazza 996 $6245$aTomo 1$9(OLS)http://semarc/title/46685